Efecto del gas en soldadura TIG
El siguiente video es hace parte de las charlas ofrecidadas en la Feria Metalmecǹica 2015 INDURA. El ingeniero Iturra hace la demostracin̤ del gases de proteccin̤ para la soldadura TIG.
محفوظ في:
| مؤلفون آخرون: | , |
|---|---|
| التنسيق: | كتاب |
| اللغة: | الإسبانية |
| الموضوعات: | |
| الوصول للمادة أونلاين: | Efecto del gas en soldadura TIG |
| الوسوم: |
إضافة وسم
لا توجد وسوم, كن أول من يضع وسما على هذه التسجيلة!
|
MARC
| LEADER | 00000nam a22000004a 4500 | ||
|---|---|---|---|
| 001 | vpro10092 | ||
| 005 | 20201223000000.0 | ||
| 008 | 160621s2016 ck # g## #001 0#spa#d | ||
| 020 | |||
| 022 | |||
| 040 | |a CO-BoINGC | ||
| 041 | 0 | |a spa | |
| 245 | 1 | 0 | |a Efecto del gas en soldadura TIG |
| 246 | |a Effect of gas in GTAW | ||
| 264 | |a Bogot ̀(Colombia) : |b Revista VirtualPRO, |c 2016 | ||
| 520 | 3 | |a El siguiente video es hace parte de las charlas ofrecidadas en la Feria Metalmecǹica 2015 INDURA. El ingeniero Iturra hace la demostracin̤ del gases de proteccin̤ para la soldadura TIG. | |
| 650 | \ | \ | |a Soldadura |
| 650 | \ | \ | |a Soldadura de acero |
| 650 | \ | \ | |a Argn̤ |
| 650 | \ | \ | |a Welding |
| 650 | \ | \ | |a Steel - Welding |
| 650 | \ | \ | |a Argon |
| 650 | \ | \ | |a Soldadura de arco elčtrico |
| 650 | \ | \ | |a Soldadura TIG |
| 650 | \ | \ | |a Soldadura GTAW |
| 650 | \ | \ | |a Electric arc welding |
| 650 | \ | \ | |a Welding TIG |
| 650 | \ | \ | |a Welding GTAW |
| 700 | \ | \ | |a Jimňez Oscar |
| 700 | \ | \ | |a Canal INDURA S.A. / YouTube. |
| 856 | |z Efecto del gas en soldadura TIG |u https://virtualpro.unach.elogim.com/biblioteca/efecto-del-gas-en-soldadura-tig | ||